Estructura social y medios masivos de comunicación
Gorde:
| Egile nagusia: | |
|---|---|
| Formatua: | Texto |
| Argitaratua: |
Panamá:
CELA "Justo Arosemena"
|
| Gaiak: | |
| Etiketak: |
Etiketa erantsi
Etiketarik gabe, Izan zaitez lehena erregistro honi etiketa jartzen!
|
MARC
| LEADER | 00000 a a2200000 04500 | ||
|---|---|---|---|
| 001 | 16647 | ||
| 003 | |||
| 040 | |||
| 090 | |a 011700 | ||
| 100 | |a Gandásegui H, Marco A. | ||
| 245 | |a Estructura social y medios masivos de comunicación | ||
| 260 | |a Panamá: |b CELA "Justo Arosemena" | ||
| 300 | |a 19 p | ||
| 500 | |a También EN: Avances de Investigación (IIS), n° 16, 19755 p. n° acceso: 122200 | ||
| 650 | |a ESTRUCTURA SOCIAL | ||
| 650 | |a MEDIOS DE COMUNICACION DE MASAS | ||
| 999 | |c 2394 |d 2394 | ||
